[Event "Wch Juvenil 2013 sub-14"]
[Site "Al-Ain UAE"]
[Date "2013.12.24"]
[Round "7.54"]
[White "Ho, Jei-Chen"]
[Black "Koniahli, Malek"]
[Result "0-1"]
[WhiteElo "1694"]
[BlackElo "1875"]
[PlyCount "66"]
[EventDate "2013.12.19"]
[EventType "swiss"]
[EventRounds "11"]
[EventCountry "UAE"]
[Source "lmi"]
[SourceDate "2013.12.19"]

1. d4 Nf6 2. c4 e6 3. Nc3 Bb4 4. Qc2 c5 5. dxc5 O-O 6. Nf3 Bxc3+ 7. Qxc3 Ne4 8.
Qc2 f5 9. a3 a5 10. b3 Na6 11. e3 Naxc5 12. Be2 b6 13. O-O Bb7 14. Bb2 Ng5 15.
Kh1 Nce4 16. Rad1 Qe7 17. Bd4 Nxf3 18. Bxf3 g5 19. Qb2 g4 20. Bxe4 Bxe4 21. f3
Bc6 22. fxg4 fxg4 23. Bf6 Qc5 24. Rf4 Rf7 25. Rdf1 Qxe3 26. Rxg4+ Kf8 27. h3
Qxh3+ 28. Kg1 Qxg4 29. Rf2 Be4 30. Qd2 Qg6 31. Qd6+ Kg8 32. Qe5 Raf8 33. Rf4
Qxg2# 0-1

[Event "Wch Juvenil 2013 sub-14"]
[Site "Al-Ain UAE"]
[Date "2013.12.24"]
[Round "7.55"]
[White "Yu, Wenlu"]
[Black "Kenenbaev, Aidar"]
[Result "0-1"]
[WhiteElo "1862"]
[BlackElo "1680"]
[PlyCount "60"]
[EventDate "2013.12.19"]
[EventType "swiss"]
[EventRounds "11"]
[EventCountry "UAE"]
[Source "lmi"]
[SourceDate "2013.12.19"]

1. e4 d6 2. d4 Nf6 3. Nc3 g6 4. Nf3 Bg7 5. Be2 O-O 6. O-O c6 7. a4 a5 8. h3 Qc7
9. Bf4 Nbd7 10. e5 Ne8 11. exd6 Nxd6 12. Qd2 Rd8 13. d5 Nf6 14. Rfd1 Nxd5 15.
Nxd5 cxd5 16. Qxd5 Qxc2 17. Bd3 Qxb2 18. Ng5 Qf6 19. Qf3 e5 20. Bc4 Nxc4 21.
Be3 Be6 22. Qxb7 Nxe3 23. Nxe6 Nxd1 24. Nxd8 Rxd8 25. Qa7 e4 26. Rc1 e3 27.
fxe3 Qf2+ 28. Kh1 Qf1+ 29. Kh2 Be5+ 30. g3 Rd2# 0-1

[Event "Wch Juvenil 2013 sub-14"]
[Site "Al-Ain UAE"]
[Date "2013.12.24"]
[Round "7.56"]
[White "Garcia Herrera, Enrique Ric"]
[Black "Doluweera, Minul Sanjula"]
[Result "1/2-1/2"]
[WhiteElo "1662"]
[BlackElo "1857"]
[PlyCount "97"]
[EventDate "2013.12.19"]
[EventType "swiss"]
[EventRounds "11"]
[EventCountry "UAE"]
[Source "lmi"]
[SourceDate "2013.12.19"]

1. Nf3 g6 2. c4 Bg7 3. g3 d6 4. Bg2 e5 5. Nc3 Nc6 6. O-O Be6 7. d3 Qd7 8. Re1
h6 9. Rb1 Bh3 10. Bh1 Nge7 11. b4 O-O 12. b5 Nd8 13. Qc2 f5 14. Bb2 Rb8 15. a4
f4 16. Ne4 g5 17. Rbd1 Ne6 18. d4 g4 19. d5 Nd8 20. Nh4 b6 21. Nd2 Nf7 22. Ng6
fxg3 23. hxg3 Rfe8 24. Be4 Ng5 25. Nxe7+ Qxe7 26. Bg2 Bxg2 27. Kxg2 Qf7 28. Rh1
Rf8 29. Rdf1 Qd7 30. Qb1 Rf7 31. Ne4 Nh3 32. Bc1 Rbf8 33. Be3 a5 34. Qd3 Rf5
35. Qb1 Qf7 36. Qe1 Qg6 37. Qb1 Nf4+ 38. Bxf4 exf4 39. Rh4 fxg3 40. f4 gxf3+
41. exf3 Be5 42. Rg4 Qxg4 43. fxg4 Rxf1 44. Qxf1 Rxf1 45. Kxf1 Kg7 46. Kg2 Kg6
47. Nxg3 Bxg3 48. Kxg3 Kg5 49. Kf3 1/2-1/2

[Event "Wch Juvenil 2013 sub-14"]
[Site "Al-Ain UAE"]
[Date "2013.12.24"]
[Round "7.57"]
[White "Kovalevsky, Stanislav"]
[Black "Pitkar, Ashutosh"]
[Result "1-0"]
[WhiteElo "1856"]
[BlackElo "1613"]
[PlyCount "55"]
[EventDate "2013.12.19"]
[EventType "swiss"]
[EventRounds "11"]
[EventCountry "UAE"]
[Source "lmi"]
[SourceDate "2013.12.19"]

1. c4 e5 2. Nc3 c6 3. e4 Nf6 4. d4 Qa5 5. Qd3 Bb4 6. Bd2 O-O 7. d5 Na6 8. Nge2
Nc5 9. Qc2 Ncxe4 10. Nxe4 Nxe4 11. Bxb4 Qxb4+ 12. Nc3 Nxc3 13. bxc3 Qd6 14. Bd3
g6 15. Rd1 Qc5 16. h4 d6 17. h5 Bd7 18. hxg6 e4 19. gxh7+ Kh8 20. Be2 f5 21.
Qd2 Rf6 22. Qg5 Raf8 23. Rh6 Qa3 24. dxc6 Bxc6 25. Kf1 Qxc3 26. Rh3 Qe5 27. Rg3
Qe8 28. Qg7# 1-0

[Event "Wch Juvenil 2013 sub-14"]
[Site "Al-Ain UAE"]
[Date "2013.12.24"]
[Round "7.58"]
[White "Thilakarathne, G M S."]
[Black "Kazakovskiy, Valeriy"]
[Result "1/2-1/2"]
[WhiteElo "1674"]
[BlackElo "2023"]
[PlyCount "64"]
[EventDate "2013.12.19"]
[EventType "swiss"]
[EventRounds "11"]
[EventCountry "UAE"]
[Source "lmi"]
[SourceDate "2013.12.19"]

1. e4 e5 2. f4 d5 3. exd5 e4 4. d3 Nf6 5. Nd2 exd3 6. Bxd3 Qxd5 7. Qe2+ Qe6 8.
Ne4 Nxe4 9. Bxe4 f5 10. Bd3 Qxe2+ 11. Nxe2 Bc5 12. Bc4 Ke7 13. Bd2 Be6 14. Bxe6
Kxe6 15. O-O-O Nc6 16. Bc3 Rad8 17. Rhe1 Kf7 18. Rxd8 Rxd8 19. Rd1 Be3+ 20. Bd2
Rxd2 21. Rxd2 Ke6 22. Kd1 Bxd2 23. Kxd2 Kd5 24. Nc3+ Kc5 25. a3 a5 26. Kd3 b5
27. Nd1 Ne7 28. Ne3 h5 29. g3 g6 30. c4 b4 31. a4 c6 32. Nc2 Kd6 1/2-1/2

[Event "Wch Juvenil 2013 sub-14"]
[Site "Al-Ain UAE"]
[Date "2013.12.24"]
[Round "7.59"]
[White "Mohammad, Fahim"]
[Black "Hiebert, Kenji"]
[Result "1-0"]
[WhiteElo "2059"]
[BlackElo "1769"]
[PlyCount "89"]
[EventDate "2013.12.19"]
[EventType "swiss"]
[EventRounds "11"]
[EventCountry "UAE"]
[Source "lmi"]
[SourceDate "2013.12.19"]

1. d4 Nf6 2. Nf3 e6 3. c4 Bb4+ 4. Bd2 Qe7 5. g3 Bxd2+ 6. Nbxd2 d6 7. Bg2 O-O 8.
O-O e5 9. e3 a5 10. Rc1 Bg4 11. Qc2 Nc6 12. c5 e4 13. cxd6 cxd6 14. Ng5 d5 15.
a3 Qd7 16. f3 exf3 17. Ndxf3 Rfe8 18. Ne5 Nxe5 19. Rxf6 gxf6 20. Qxh7+ Kf8 21.
dxe5 fxg5 22. Qh8+ Ke7 23. Qf6+ Kf8 24. Qh6+ Kg8 25. Qxg5+ Kh8 26. Rf1 Re6 27.
Qxg4 Rg8 28. Qh5+ Kg7 29. Bxd5 Re7 30. Rxf7+ Rxf7 31. e6 Qe7 32. Qxf7+ Qxf7 33.
exf7 Rd8 34. e4 b5 35. h4 Rc8 36. h5 Rc1+ 37. Kg2 Rc2+ 38. Kh3 Kf8 39. h6 Rc1
40. e5 Rc8 41. Kg4 Rc2 42. b3 Rh2 43. Kg5 Rh3 44. e6 Rxg3+ 45. Kf6 1-0

[Event "Wch Juvenil 2013 sub-14"]
[Site "Al-Ain UAE"]
[Date "2013.12.24"]
[Round "7.60"]
[White "Absaridze, Gigi"]
[Black "Zayan, Mohamed"]
[Result "1-0"]
[WhiteElo "1726"]
[BlackElo "1939"]
[PlyCount "141"]
[EventDate "2013.12.19"]
[EventType "swiss"]
[EventRounds "11"]
[EventCountry "UAE"]
[Source "lmi"]
[SourceDate "2013.12.19"]

1. e4 c5 2. c3 Nf6 3. e5 Nd5 4. d4 cxd4 5. Bc4 Nb6 6. Bb3 Nc6 7. Nf3 d6 8. exd6
Qxd6 9. Nxd4 e5 10. Nb5 Qxd1+ 11. Bxd1 Kd8 12. Bb3 a6 13. Be3 Nd7 14. N5a3 f6
15. O-O Bc5 16. Nc2 Ke7 17. Nd2 f5 18. Rfe1 Kf6 19. Rad1 e4 20. Nc4 Be7 21. Nb6
Nxb6 22. Bxb6 a5 23. Ne3 a4 24. Bc4 Be6 25. Bxe6 Kxe6 26. Nd5 Bd8 27. f3 a3 28.
b3 Bxb6+ 29. Nxb6 Rad8 30. fxe4 Rxd1 31. exf5+ Kxf5 32. Rxd1 Ke4 33. Nc4 Ra8
34. Kf2 Ra7 35. Rd7 b5 36. Rxa7 Nxa7 37. Nxa3 Kd3 38. c4 b4 39. Nb5 Nc6 40. h3
h6 41. Kf3 g5 42. Kg4 Kc2 43. Kf5 Kb2 44. Ke4 Kxa2 45. Nd4 Ne7 46. c5 Kb2 47.
c6 Kc3 48. c7 Nc8 49. Ke5 Nb6 50. g4 Nc8 51. Kd5 Nb6+ 52. Kc5 Nc8 53. Nb5+ Kxb3
54. Nd6 Ne7 55. c8=Q Nxc8 56. Nxc8 Kc3 57. Nb6 b3 58. Nc4 Kd3 59. Kb4 Ke4 60.
Kxb3 Kf4 61. Nd6 h5 62. gxh5 Ke5 63. h6 Kf6 64. Kc4 Kg6 65. Nf5 Kh7 66. Kd5 Kg6
67. Ke6 Kh7 68. Kf6 Kh8 69. Kg6 Kg8 70. h7+ Kh8 71. Nd6 1-0

[Event "Wch Juvenil 2013 sub-14"]
[Site "Al-Ain UAE"]
[Date "2013.12.25"]
[Round "8.1"]
[White "Li, Di"]
[Black "Aravindh, Chithambaram Vr"]
[Result "1-0"]
[WhiteElo "2091"]
[BlackElo "2415"]
[PlyCount "118"]
[EventDate "2013.12.19"]
[EventType "swiss"]
[EventRounds "11"]
[EventCountry "UAE"]
[Source "lmi"]
[SourceDate "2013.12.19"]

1. d4 Nf6 2. Bg5 Ne4 3. Bf4 d5 4. e3 c5 5. c3 Nc6 6. Nd2 Nxd2 7. Qxd2 g6 8. Nf3
Bg7 9. Be2 O-O 10. O-O cxd4 11. exd4 Bg4 12. Bh6 Bxf3 13. Bxf3 e6 14. h4 Bxh6
15. Qxh6 Qf6 16. Be2 Ne7 17. g3 Nf5 18. Qf4 h5 19. Bd3 Rac8 20. a4 Kg7 21. a5
Ne7 22. Qe3 Nc6 23. Rfe1 Qd8 24. Kg2 Rh8 25. Re2 Nxa5 26. Qe5+ Kg8 27. Bxg6 Nc6
28. Bxf7+ Kxf7 29. Qxe6+ Kg7 30. Qf5 Rc7 31. Re6 Rf7 32. Qg6+ Kf8 33. Rae1 Rhh7
34. Rd6 Qc7 35. Rf6 Rhg7 36. Qxh5 Ne7 37. Rxf7+ Rxf7 38. Qh6+ Ke8 39. Re5 Qc6
40. Qxc6+ bxc6 41. h5 Rf6 42. g4 Kf7 43. Kg3 a5 44. f4 a4 45. f5 Kf8 46. Kf4 c5
47. dxc5 Rc6 48. g5 Rxc5 49. f6 Nc6 50. Re2 Kf7 51. h6 Kg6 52. Re8 Rc4+ 53. Kg3
a3 54. Rg8+ Kf7 55. Rg7+ Ke6 56. f7 axb2 57. f8=Q Rxc3+ 58. Kh4 Ke5 59. Rb7 Kd4
1-0

[Event "Wch Juvenil 2013 sub-14"]
[Site "Al-Ain UAE"]
[Date "2013.12.25"]
[Round "8.1"]
[White "Pitkar, Ashutosh"]
[Black "Higgs, Joshua"]
[Result "0-1"]
[WhiteElo "1613"]
[BlackElo "1824"]
[PlyCount "100"]
[EventDate "2013.12.19"]
[EventType "swiss"]
[EventRounds "11"]
[EventCountry "UAE"]
[Source "lmi"]
[SourceDate "2013.12.19"]

1. e4 e5 2. Nf3 Nc6 3. Bc4 Bc5 4. c3 Nf6 5. d3 a6 6. a4 d6 7. Bb3 Ba7 8. O-O
O-O 9. Nbd2 h6 10. Re1 Be6 11. Bc2 Re8 12. h3 d5 13. Qe2 dxe4 14. dxe4 Qe7 15.
Nf1 Rad8 16. Ng3 Nh7 17. Be3 Bxe3 18. Qxe3 Ng5 19. Rad1 Qf6 20. Nxg5 Qxg5 21.
Qxg5 hxg5 22. Nf5 Kf8 23. Ne3 Ne7 24. Ng4 f6 25. Rxd8 Rxd8 26. Rd1 Rxd1+ 27.
Bxd1 Nc6 28. b4 a5 29. b5 Nb8 30. Ne3 Ke7 31. Kf1 Kd6 32. Ke1 Nd7 33. Kd2 Nb6
34. Kc1 Nc4 35. Be2 Nxe3 36. fxe3 Kc5 37. Kb2 Bc4 38. Bf3 Bf1 39. Kb3 b6 40.
Kb2 Kc4 41. Kc2 g6 42. g3 Bxh3 43. Be2+ Kc5 44. Kd3 Be6 45. Kc2 f5 46. exf5
gxf5 47. Bd3 f4 48. exf4 exf4 49. gxf4 gxf4 50. Kd2 Bb3 0-1

[Event "Wch Juvenil 2013 sub-14"]
[Site "Al-Ain UAE"]
[Date "2013.12.25"]
[Round "8.2"]
[White "Atabayev, Saparmyrat"]
[Black "Zajic, Milan"]
[Result "1/2-1/2"]
[WhiteElo "2203"]
[BlackElo "2340"]
[PlyCount "48"]
[EventDate "2013.12.19"]
[EventType "swiss"]
[EventRounds "11"]
[EventCountry "UAE"]
[Source "lmi"]
[SourceDate "2013.12.19"]

1. e4 c6 2. d4 g6 3. Nc3 d5 4. Nf3 Bg7 5. h3 Nh6 6. Bf4 f6 7. Bd3 Nf7 8. O-O e5
9. dxe5 fxe5 10. Bg3 d4 11. Ne2 Be6 12. c3 dxc3 13. Nxc3 O-O 14. Qe2 Nd7 15.
Bc4 Qe7 16. a4 Kh8 17. Rfd1 Nc5 18. b4 Nb3 19. Bxe6 Qxe6 20. Qa2 Rae8 21. Rab1
Nd4 22. Ne1 Ng5 23. Qxe6 Ngxe6 24. Rb2 Kg8 1/2-1/2

[Event "Wch Juvenil 2013 sub-14"]
[Site "Al-Ain UAE"]
[Date "2013.12.25"]
[Round "8.2"]
[White "Tello Chavez, Isaac Valent"]
[Black "Modi, Sachin"]
[Result "1-0"]
[WhiteElo "1823"]
[BlackElo "1658"]
[PlyCount "143"]
[EventDate "2013.12.19"]
[EventType "swiss"]
[EventRounds "11"]
[EventCountry "UAE"]
[Source "lmi"]
[SourceDate "2013.12.19"]

1. d4 Nf6 2. Nf3 g6 3. Bf4 Bg7 4. e3 d6 5. h3 O-O 6. Be2 c5 7. c3 b6 8. O-O Bb7
9. Nbd2 Nbd7 10. a4 a6 11. Bh2 Qc7 12. Re1 Rfe8 13. Rc1 Rac8 14. Nc4 Bd5 15. b4
b5 16. axb5 axb5 17. Na3 cxb4 18. Nxb5 Qb7 19. c4 Bc6 20. Rb1 Ne4 21. Rxb4 Nc3
22. Qd2 Nxe2+ 23. Qxe2 Bxb5 24. Rxb5 Qc6 25. Nd2 Nb6 26. c5 Nd5 27. Qc4 Nf6 28.
Rb6 Qd5 29. Qxd5 Nxd5 30. Rb5 dxc5 31. Rxc5 Rxc5 32. dxc5 Bc3 33. Rd1 Rc8 34.
Ne4 e6 35. Bd6 Ba5 36. Ra1 Bc7 37. Ra7 h6 38. Nf6+ Nxf6 39. Bxc7 Ne4 40. c6 g5
41. Rb7 Kh7 42. f3 Nc5 43. Be5 Rxc6 44. Rxf7+ Kg6 45. Rg7+ Kf5 46. Bd4 e5 47.
Bxc5 Rxc5 48. e4+ Kf6 49. Ra7 h5 50. Ra6+ Kf7 51. h4 g4 52. Kh2 gxf3 53. gxf3
Kg7 54. Kg3 Rb5 55. Rd6 Rb7 56. Rd5 Kf6 57. Rd8 Kf7 58. Rh8 Kg6 59. Rg8+ Kf6
60. Rg5 Rh7 61. Kf2 Ke6 62. Rg6+ Ke7 63. Rg5 Kf6 64. Ke3 Rh8 65. f4 exf4+ 66.
Kxf4 Ke6 67. Rg6+ Kf7 68. Kf5 Rh7 69. Ra6 Rg7 70. Ra7+ Kf8 71. Rxg7 Kxg7 72.
Kg5 1-0

[Event "Wch Juvenil 2013 sub-14"]
[Site "Al-Ain UAE"]
[Date "2013.12.25"]
[Round "8.3"]
[White "Dai, Changren"]
[Black "Liu, Yan"]
[Result "1/2-1/2"]
[WhiteElo "2216"]
[BlackElo "2256"]
[PlyCount "90"]
[EventDate "2013.12.19"]
[EventType "swiss"]
[EventRounds "11"]
[EventCountry "UAE"]
[Source "lmi"]
[SourceDate "2013.12.19"]

1. e4 c5 2. Nf3 e6 3. d4 cxd4 4. Nxd4 Nc6 5. Nc3 a6 6. Be3 Qc7 7. Bd3 Nf6 8.
Qe2 Bb4 9. O-O Ne5 10. Nb3 Neg4 11. f4 Nxe3 12. Qxe3 Bxc3 13. bxc3 Qxc3 14. a4
g6 15. Nd2 O-O 16. e5 Nd5 17. Qf2 f5 18. Nc4 Qb4 19. a5 Qe7 20. Nd6 Qg7 21. c4
Ne7 22. Be2 g5 23. fxg5 Qxe5 24. Rfd1 f4 25. Bd3 Qxg5 26. Be4 Ng6 27. Bxg6 hxg6
28. c5 Rb8 29. Ra4 b5 30. axb6 Bb7 31. Nxb7 Rxb7 32. Rxa6 f3 33. g3 Qf5 34. h4
e5 35. Ra7 Rxa7 36. bxa7 Kh7 37. Ra1 Qe4 38. Kh2 Qc6 39. Qd2 Ra8 40. Qd6 Qxd6
41. cxd6 e4 42. Kg1 e3 43. Ra3 e2 44. Kf2 Re8 45. Ra1 Ra8 1/2-1/2

[Event "Wch Juvenil 2013 sub-14"]
[Site "Al-Ain UAE"]
[Date "2013.12.25"]
[Round "8.3"]
[White "Isakzhanov, Aibek"]
[Black "Roos, Daniel"]
[Result "1/2-1/2"]
[WhiteElo "1807"]
[BlackElo "1597"]
[PlyCount "72"]
[EventDate "2013.12.19"]
[EventType "swiss"]
[EventRounds "11"]
[EventCountry "UAE"]
[Source "lmi"]
[SourceDate "2013.12.19"]

1. e4 c5 2. d4 cxd4 3. c3 Nf6 4. e5 Nd5 5. cxd4 d6 6. Nf3 dxe5 7. dxe5 e6 8.
Bb5+ Nc6 9. O-O Be7 10. Bd2 O-O 11. Nc3 a6 12. Ba4 Nxc3 13. Bxc3 b5 14. Bc2 Bb7
15. Qe2 Qb6 16. Rad1 Rfd8 17. Bd2 g6 18. Be3 Qc7 19. Be4 Rxd1 20. Rxd1 Rd8 21.
Rc1 Qd7 22. Bb6 Rc8 23. Rd1 Qe8 24. h3 Bd8 25. Be3 Be7 26. Nh2 Rd8 27. Rc1 Rc8
28. Rd1 Rd8 29. Rc1 Rc8 30. Nf3 Nd4 31. Nxd4 Bxe4 32. Rxc8 Qxc8 33. Qd2 Qc4 34.
b3 Qd3 35. Qxd3 Bxd3 36. a4 Bc5 1/2-1/2

[Event "Wch Juvenil 2013 sub-14"]
[Site "Al-Ain UAE"]
[Date "2013.12.25"]
[Round "8.4"]
[White "Gvenetadze, Davit"]
[Black "Al Hamed, Saif Idrees"]
[Result "1-0"]
[WhiteElo "1801"]
[BlackElo "1558"]
[PlyCount "27"]
[EventDate "2013.12.19"]
[EventType "swiss"]
[EventRounds "11"]
[EventCountry "UAE"]
[Source "lmi"]
[SourceDate "2013.12.19"]

1. e4 e5 2. Nf3 Nc6 3. Bc4 Bc5 4. b4 Bxb4 5. c3 Ba5 6. d4 exd4 7. O-O Nge7 8.
cxd4 O-O 9. d5 Nb8 10. Bb2 Kh8 11. d6 cxd6 12. Ng5 d5 13. Qh5 h6 14. Qxh6+ 1-0

[Event "Wch Juvenil 2013 sub-14"]
[Site "Al-Ain UAE"]
[Date "2013.12.25"]
[Round "8.4"]
[White "Song, Edward"]
[Black "Tari, Aryan"]
[Result "0-1"]
[WhiteElo "2208"]
[BlackElo "2418"]
[PlyCount "96"]
[EventDate "2013.12.19"]
[EventType "swiss"]
[EventRounds "11"]
[EventCountry "UAE"]
[Source "lmi"]
[SourceDate "2013.12.19"]

1. e4 c5 2. Nf3 d6 3. d4 cxd4 4. Nxd4 Nf6 5. Nc3 a6 6. Be2 e5 7. Nb3 Be6 8. f4
exf4 9. Bxf4 Nc6 10. Nd4 Ne5 11. Nxe6 fxe6 12. Qd4 Qc7 13. Bxe5 dxe5 14. Qa4+
Kf7 15. O-O-O Bc5 16. Bh5+ Ke7 17. Bf3 Rhd8 18. Ne2 b5 19. Qb3 Qb6 20. Kb1 b4
21. Nc1 a5 22. Nd3 a4 23. Qc4 Bd6 24. Nc1 Rdc8 25. Qd3 a3 26. b3 Rc3 27. Qd2
Rac8 28. Rhe1 Bc5 29. Re2 Be3 30. Qe1 Bd4 31. Rd3 R8c6 32. Rxc3 Bxc3 33. Qf2
Bd4 34. Qg3 Kf8 35. c4 bxc3 36. Kc2 Rd6 37. Qe1 Qb5 38. Nd3 Bb6 39. Qd1 Nd7 40.
Re1 Nc5 41. Be2 Na6 42. Rf1+ Kg8 43. Rf3 Qc6 44. Qf1 Rd8 45. Rg3 Qxe4 46. Qf3
Nb4+ 47. Kc1 Nxd3+ 48. Bxd3 Qe1+ 0-1

[Event "Wch Juvenil 2013 sub-14"]
[Site "Al-Ain UAE"]
[Date "2013.12.25"]
[Round "8.5"]
[White "Bashirli, Nail Qoshqar"]
[Black "Gledura, Benjamin"]
[Result "0-1"]
[WhiteElo "1887"]
[BlackElo "2399"]
[PlyCount "88"]
[EventDate "2013.12.19"]
[EventType "swiss"]
[EventRounds "11"]
[EventCountry "UAE"]
[Source "lmi"]
[SourceDate "2013.12.19"]

1. e4 c5 2. Nf3 Nc6 3. d4 cxd4 4. Nxd4 Qc7 5. Nc3 e6 6. Be2 a6 7. Be3 Nf6 8.
O-O Bb4 9. Nxc6 bxc6 10. Qd4 c5 11. Qc4 Bb7 12. Bf3 O-O 13. e5 Bxf3 14. exf6 d5
15. Qh4 Bxc3 16. bxc3 Be4 17. Qg5 Bg6 18. Bf4 gxf6 19. Qxf6 Qd8 20. Qe5 Qh4 21.
Be3 Rac8 22. Qd6 Rfd8 23. Qxa6 d4 24. Bd2 d3 25. Be3 dxc2 26. Rfe1 h5 27. a4
Rb8 28. Rac1 Rb1 29. a5 Rd1 30. Qf1 Bd3 31. Rexd1 Bxf1 32. Rxf1 Rxc1 33. Rxc1
Qa4 34. a6 Qxa6 35. Rxc2 Qc4 36. h3 e5 37. Rc1 f5 38. f3 Kf7 39. Bf2 Ke6 40.
Be3 Kd5 41. Kf2 Qa2+ 42. Kg1 Kc4 43. Re1 Qa5 44. Kh2 f4 0-1

[Event "Wch Juvenil 2013 sub-14"]
[Site "Al-Ain UAE"]
[Date "2013.12.25"]
[Round "8.5"]
[White "Bennett, Rhys"]
[Black "Mohamed, Marshool"]
[Result "0-1"]
[WhiteElo "1784"]
[BlackElo "1557"]
[PlyCount "111"]
[EventDate "2013.12.19"]
[EventType "swiss"]
[EventRounds "11"]
[EventCountry "UAE"]
[Source "lmi"]
[SourceDate "2013.12.19"]

1. e4 c5 2. Nf3 d6 3. d4 cxd4 4. Nxd4 Nf6 5. Nc3 Nc6 6. Be3 e6 7. Be2 Be7 8. f4
a6 9. a4 Bd7 10. Nb3 O-O 11. O-O Rc8 12. a5 Nb8 13. Bf3 Bc6 14. g4 Nfd7 15. Bg2
Re8 16. Qe1 Bf6 17. g5 Bxc3 18. bxc3 Qc7 19. c4 f5 20. gxf6 Nxf6 21. Bb6 Qe7
22. Nd4 Nfd7 23. Bh3 Qf6 24. e5 dxe5 25. fxe5 Qg6+ 26. Qg3 Qh6 27. Nxc6 Nxc6
28. Be3 Qh5 29. Rab1 Nxa5 30. Bd2 Nxc4 31. Rxb7 Ncxe5 32. Bc3 Rcd8 33. Rxd7
Rxd7 34. Bxe5 Rf7 35. Rxf7 Qxf7 36. Qb3 Qg6+ 37. Qg3 Qxg3+ 38. hxg3 Kf7 39. Kf2
Rd8 40. Bf1 a5 41. Ke3 a4 42. Bc4 a3 43. Ba2 g5 44. c4 Ke7 45. Bc3 h5 46. c5 h4
47. gxh4 gxh4 48. c6 Kd6 49. c7 Rc8 50. Ke4 Kxc7 51. Bxe6 Re8 52. Be5+ Kb6 53.
Bf7 Rxe5+ 54. Kxe5 h3 55. Bd5 h2 56. Kd4 0-1

[Event "Wch Juvenil 2013 sub-14"]
[Site "Al-Ain UAE"]
[Date "2013.12.25"]
[Round "8.6"]
[White "Rambaldi, Francesco"]
[Black "Visakh, Nr"]
[Result "1/2-1/2"]
[WhiteElo "2385"]
[BlackElo "2303"]
[PlyCount "81"]
[EventDate "2013.12.19"]
[EventType "swiss"]
[EventRounds "11"]
[EventCountry "UAE"]
[Source "lmi"]
[SourceDate "2013.12.19"]

1. e4 c5 2. Nf3 d6 3. Bb5+ Nd7 4. c3 Ngf6 5. Qe2 a6 6. Ba4 b5 7. Bc2 Qc7 8. O-O
Ne5 9. Nxe5 dxe5 10. a4 Rb8 11. Na3 Bg4 12. Qe3 Bd7 13. d3 g6 14. Bd1 h5 15. h3
h4 16. Qg5 Bg7 17. Be2 Rh7 18. Qd2 Nh5 19. Bxh5 Rxh5 20. Qe2 bxa4 21. Nc4 Bb5
22. Qc2 Rd8 23. Rd1 Bf6 24. Be3 Bg5 25. Bxg5 Rxg5 26. Kh2 Qc6 27. Ne3 Qd6 28.
Nd5 Kf8 29. c4 Bd7 30. Qd2 f6 31. Nc3 Bc6 32. Qe3 Rb8 33. Nxa4 Bxa4 34. Rxa4
Rxb2 35. Ra5 Qd4 36. Qxd4 exd4 37. Kg1 Rb6 38. Rda1 Re5 39. Rxa6 Ree6 40. Ra8+
Kg7 41. Rc8 1/2-1/2

[Event "Wch Juvenil 2013 sub-14"]
[Site "Al-Ain UAE"]
[Date "2013.12.25"]
[Round "8.7"]
[White "Lorparizangeneh, Shahin"]
[Black "Pranav, Vijay"]
[Result "1/2-1/2"]
[WhiteElo "2270"]
[BlackElo "2224"]
[PlyCount "77"]
[EventDate "2013.12.19"]
[EventType "swiss"]
[EventRounds "11"]
[EventCountry "UAE"]
[Source "lmi"]
[SourceDate "2013.12.19"]

1. d4 Nf6 2. c4 g6 3. Nc3 d5 4. Nf3 Bg7 5. Qb3 dxc4 6. Qxc4 O-O 7. e4 Be6 8. d5
Bc8 9. Be2 c6 10. O-O cxd5 11. exd5 Ne8 12. Rd1 Nd6 13. Qf4 Nd7 14. Be3 Nf5 15.
Bd2 Nb6 16. Be1 Bd7 17. Bd3 Rc8 18. Qb4 Nd6 19. Rab1 Nbc4 20. Ne4 a5 21. Qb3 b5
22. h3 a4 23. Qb4 Nxe4 24. Bxe4 Nxb2 25. Rdc1 Nc4 26. Bd3 Nd6 27. Nd4 Qb6 28.
Rxc8 Rxc8 29. Nxb5 Nxb5 30. Bxb5 Bxb5 31. Qxb5 Qxb5 32. Rxb5 Be5 33. Rb1 Rc2
34. Bb4 Kf8 35. a3 Bd4 36. d6 Bxf2+ 37. Kh2 exd6 38. Bxd6+ Ke8 39. Rb7 1/2-1/2

[Event "Wch Juvenil 2013 sub-14"]
[Site "Al-Ain UAE"]
[Date "2013.12.25"]
[Round "8.8"]
[White "Cori Quispe, Kevin"]
[Black "Meunier, Clement"]
[Result "1-0"]
[WhiteElo "2259"]
[BlackElo "2113"]
[PlyCount "75"]
[EventDate "2013.12.19"]
[EventType "swiss"]
[EventRounds "11"]
[EventCountry "UAE"]
[Source "lmi"]
[SourceDate "2013.12.19"]

1. e4 e6 2. d4 d5 3. Nc3 dxe4 4. Nxe4 Bd7 5. Nf3 Bc6 6. Bd3 Nd7 7. O-O Ngf6 8.
Ng3 Be7 9. c4 Bxf3 10. Qxf3 c6 11. a3 O-O 12. Be3 Re8 13. Rad1 Nf8 14. h4 Qa5
15. h5 h6 16. Bd2 Qc7 17. Bf4 Qb6 18. Rd2 Kh8 19. Bb1 Rad8 20. Rfd1 N8h7 21. b4
Rd7 22. Be5 Ng5 23. Qc3 a5 24. bxa5 Qa7 25. Qc2 Ngh7 26. Bxf6 Nxf6 27. Ne4 Kg8
28. d5 cxd5 29. Nxf6+ Bxf6 30. cxd5 Red8 31. Qh7+ Kf8 32. d6 g6 33. hxg6 fxg6
34. Qxg6 Bg5 35. Ba2 Qc5 36. Qxe6 Kg7 37. Rd3 Qxa5 38. Rf3 1-0

[Event "Wch Juvenil 2013 sub-14"]
[Site "Al-Ain UAE"]
[Date "2013.12.25"]
[Round "8.9"]
[White "Katsande, Nyasha"]
[Black "Zayan, Mohamed"]
[Result "0-1"]
[WhiteElo "1593"]
[BlackElo "1939"]
[PlyCount "124"]
[EventDate "2013.12.19"]
[EventType "swiss"]
[EventRounds "11"]
[EventCountry "UAE"]
[Source "lmi"]
[SourceDate "2013.12.19"]

1. e4 c5 2. Nc3 Nc6 3. f4 g6 4. Nf3 Bg7 5. Bc4 e6 6. f5 Nge7 7. fxe6 fxe6 8. d3
O-O 9. O-O a6 10. a4 h6 11. Kh1 Kh7 12. Qe1 d5 13. Ba2 Nd4 14. Nxd4 cxd4 15.
Rxf8 Qxf8 16. Ne2 dxe4 17. dxe4 Bd7 18. Bc4 Rc8 19. Bd3 Nc6 20. Bd2 Ne5 21. Nf4
Nxd3 22. cxd3 Rc2 23. Bc1 Be5 24. Nh3 Bd6 25. Qd1 Rc5 26. Bd2 Rh5 27. Qe2 Qe7
28. Bf4 Bxf4 29. Nxf4 Rc5 30. Qf2 Qf6 31. Qd2 Rc8 32. g3 g5 33. Nh3 Qf3+ 34.
Kg1 e5 35. Rf1 Qg4 36. Nf2 Qe6 37. Qb4 b5 38. a5 Kg6 39. Kh1 Rc2 40. Kg1 h5 41.
Nd1 h4 42. Qf8 hxg3 43. hxg3 Rc8 44. Qf3 Rh8 45. Rf2 Qe7 46. Rf1 Bh3 47. Rf2
Qe6 48. Qe2 Bg4 49. Qf1 Rc8 50. Rd2 Rc1 51. Qe1 Qb3 52. Qf2 Rxd1+ 53. Rxd1
Qxd1+ 54. Kg2 Qe2 55. b4 Qxf2+ 56. Kxf2 Be6 57. Ke2 Kh5 58. Kf3 Bd7 59. Kf2 Kg4
60. Kg2 Be6 61. Kf2 Bb3 62. Kg2 Bc2 0-1

[Event "Wch Juvenil 2013 sub-14"]
[Site "Al-Ain UAE"]
[Date "2013.12.25"]
[Round "8.9"]
[White "Theodorou, Nikolas"]
[Black "Muthaiah, Al"]
[Result "1-0"]
[WhiteElo "2238"]
[BlackElo "2092"]
[PlyCount "115"]
[EventDate "2013.12.19"]
[EventType "swiss"]
[EventRounds "11"]
[EventCountry "UAE"]
[Source "lmi"]
[SourceDate "2013.12.19"]

1. d4 d5 2. c4 e6 3. Nc3 Nf6 4. Nf3 Be7 5. Bg5 O-O 6. e3 Nbd7 7. Qc2 b6 8. cxd5
exd5 9. Bd3 h6 10. Bf4 c5 11. O-O Bb7 12. Rad1 c4 13. Bf5 a6 14. Ne5 Re8 15.
Qe2 Nf8 16. Qf3 b5 17. Bxh6 g6 18. Bc2 Bd6 19. Bf4 Qe7 20. Rfe1 Rad8 21. a3 Kg7
22. h4 N8d7 23. Nxd7 Rxd7 24. Bg5 Qe6 25. Ne2 Ne4 26. Nf4 Bxf4 27. Bxf4 Rh8 28.
g3 f6 29. Qg2 Re7 30. f3 Nd6 31. Kf2 Nf7 32. Rh1 Rg8 33. g4 b4 34. g5 f5 35. h5
b3 36. Bb1 Kf8 37. hxg6 Qxg6 38. Rdg1 Ke8 39. Qf1 Bc8 40. Qe1 Qb6 41. g6 Rxg6
42. Rxg6 Qxg6 43. Rg1 Qh7 44. Qa5 Qh4+ 45. Kf1 Qh3+ 46. Ke2 Kf8 47. Qb6 Qh7 48.
Rg6 Qh1 49. Qf6 Qxb1 50. Kf2 Qxb2+ 51. Kg3 Qb1 52. Kf2 Qb2+ 53. Kg3 Qb1 54.
Bh6+ Ke8 55. Qc6+ Rd7 56. Rg8+ Ke7 57. Bf8+ Ke8 58. Bd6# 1-0